00814nam a2200217 a 450000100100000000500170001000800410002704000250006808200160009310000230010924501210013226000530025330000360030649000200034253400290036270000320039183000270042304900090045095201200045999900170057900002343720200930022222.0101207s1966 nyuac r 000 0 spa d aDO-SdBNPbspacBNPHU axxxxbK183v1 aKaren, Ruth94829210aVecinos de un nuevo mundo :bla organización de los Estados americanos /cRuth Karen ; traducción Gerardo Mayer. aBuenos Aires, Argentina :bPlaza & Janes,c1966. a191 p. :bil., retrs. ;c18 cm.1 aAlboreal ;v151 aNeighbors in a new world1 aMayer, Gerardo,etr.947554 0aAlboreal ;n151948293 aBNGR 001054708MOaGRbGRcCTd2010-12-07iLF1l0oxxxx K183vp23437-10r2020-06-25w2020-06-25y4ZPréstamo en sala c22933d22933